Perspectives on World Politics : (Record no. 16954)
[ view plain ]
| 000 -LEADER | |
|---|---|
| fixed length control field | 01011cam a2200265 a 4500 |
| 001 - CONTROL NUMBER | |
| control field | 2471341 |
| 005 - DATE AND TIME OF LATEST TRANSACTION | |
| control field | 20090429151409.0 |
| 008 - FIXED-LENGTH DATA ELEMENTS--GENERAL INFORMATION | |
| fixed length control field | 900713s1991 enka b 001 0 eng |
| 020 ## - INTERNATIONAL STANDARD BOOK NUMBER | |
| International Standard Book Number | 0415056241 |
| 040 ## - CATALOGING SOURCE | |
| Original cataloging agency | DLC |
| Transcribing agency | DLC |
| Modifying agency | DLC |
| 082 00 - DEWEY DECIMAL CLASSIFICATION NUMBER | |
| Classification number | 327 |
| Edition number | 22 |
| Item number | PER |
| 245 00 - TITLE STATEMENT | |
| Title | Perspectives on World Politics : |
| Remainder of title | a Reader / |
| Statement of responsibility, etc | edited by Richard Little and Michael Smith. |
| 250 ## - EDITION STATEMENT | |
| Edition statement | 2nd ed. |
| 260 ## - PUBLICATION, DISTRIBUTION, ETC. (IMPRINT) | |
| Place of publication, distribution, etc | London ; |
| -- | New York : |
| Name of publisher, distributor, etc | Routledge, |
| Date of publication, distribution, etc | 1991. |
| 300 ## - PHYSICAL DESCRIPTION | |
| Extent | vii, 478 p. : |
| Other physical details | ill. ; |
| Dimensions | 22 cm. |
| 504 ## - BIBLIOGRAPHY, ETC. NOTE | |
| Bibliography, etc | Includes bibliographical references and index. |
| 541 ## - IMMEDIATE SOURCE OF ACQUISITION NOTE | |
| Source of acquisition | Donation |
| 650 #0 - SUBJECT ADDED ENTRY--TOPICAL TERM | |
| Topical term or geographic name as entry element | International relations. |
| 9 (RLIN) | 30861 |
| 653 ## - INDEX TERM--UNCONTROLLED | |
| Resource For college | |
| Arrived date list | August2012 |
| 700 1# - ADDED ENTRY--PERSONAL NAME | |
| Personal name | Little, Richard, |
| Dates associated with a name | 1944- |
| 9 (RLIN) | 30862 |
| 700 1# - ADDED ENTRY--PERSONAL NAME | |
| Personal name | Smith, Michael, |
| Dates associated with a name | 1947 Apr. 10- |
| 9 (RLIN) | 30863 |
| 942 ## - ADDED ENTRY ELEMENTS (KOHA) | |
| Source of classification or shelving scheme | Dewey Decimal Classification |
| Item type | Book - Borrowing |
| Withdrawn status | Item status | Source of classification or shelving scheme | Damaged status | Not for loan | Vendor | Home library | Current library | Shelving location | Date acquired | Source of acquisition | Total Checkouts | Full call number | Barcode | Date last seen | Koha item type |
|---|---|---|---|---|---|---|---|---|---|---|---|---|---|---|---|
| Dewey Decimal Classification | Donation-Gift | Central Library | Central Library | First floor | 22/08/2012 | Donation | 327 PER | 000027075 | 15/07/2025 | Book - Borrowing |